000 01287nam a2200397 i 4500
001 25083
003 KOSZ 005
005 20240405063036.0
008 980713s1996 pl a f f |000 0 pol
015 _aPB 6771/97
020 _a8385366326
040 _aWA N
_cWA N
_dKSZ 005/HR
046 _k1996
080 _a336.71(438)
080 _a(07)
100 1 _aJaworski, Władysław Leopold
_d(1929-2017)
_eAutor
245 1 0 _aBanki :
_brynek, operacje, polityka /
_cWładysław L. Jaworski, Zbigniew Krzyżkiewicz, Bohdan Kosiński.
250 _aWyd. 5 rozsz. i zaktual.
260 _aWarszawa :
_b"Poltext",
_c1996.
300 _a335, [1] s. :
_bwykr. ;
_c21 cm.
380 _aKsiążki
388 _a1901-2000
388 _a1989-2000
504 _aBibliogr. s. 333-[336].
648 _a1901-2000
648 _a1989-2000
650 4 _aBanki
651 _aPolska
655 4 _aPodręcznik
658 _aGospodarka, ekonomia, finanse
700 1 _aKosiński, Bohdan
_eAutor
710 2 _aWydawnictwo Poltext
_4pbl.
700 1 _aKrzyżkiewicz, Zbigniew
_d(1923-2016)
_eAutor
856 _uhttp://koha.tu.koszalin.pl/cgi-bin/koha/opac-detail.pl?biblionumber=25083
_yKatalog online BPK
942 _2UKD
_cKS
999 _c25083
_d25083